[Event "Royal City Masters U2200"]
[Site "Guelph CAN"]
[Date "2025.08.05"]
[Round "7.33"]
[White "Huang, Justin"]
[Black "Fischer, Jacob"]
[Result "1-0"]
[WhiteElo "1988"]
[BlackElo "1809"]
[WhiteFideId "-1"]
[WhiteFideId "-1"]
[PlyCount "59"]
[GameId "2211089079083105"]
[EventDate "2025.08.01"]
[EventType "swiss"]
[EventRounds "9"]
[EventCountry "CAN"]

1. d4 Nf6 2. c4 g6 3. Nc3 Bg7 4. e4 d6 5. f3 O-O 6. Be3 e5 7. d5 c6 8. Qd2 c5 9. Nge2 a6 10. g4 h5 11. g5 Ne8 12. h4 Nc7 13. b4 b6 14. Na4 Nd7 15. Bh3 Rb8 16. Rb1 b5 17. Nb2 cxb4 18. Qxb4 Nb6 19. Bxc8 Nxc8 20. a4 Re8 21. Nc3 Qd7 22. Nd3 Nb6 23. axb5 axb5 24. cxb5 Rb7 25. Ke2 Reb8 26. Rhc1 Ncxd5 27. exd5 Nxd5 28. Nxd5 Rxb5 29. Qe1 e4 30. fxe4 1-0

[Event "Royal City Masters U2200"]
[Site "Guelph CAN"]
[Date "2025.08.05"]
[Round "7.34"]
[White "Syed, Farhaan"]
[Black "Blair, Michael"]
[Result "0-1"]
[WhiteElo "1815"]
[BlackElo "2139"]
[WhiteFideId "-1"]
[WhiteFideId "-1"]
[PlyCount "92"]
[GameId "2211089079083106"]
[EventDate "2025.08.01"]
[EventType "swiss"]
[EventRounds "9"]
[EventCountry "CAN"]

1. d4 Nf6 2. Nc3 d5 3. Bf4 c5 4. e3 cxd4 5. exd4 a6 6. Nf3 Nc6 7. Be2 Bg4 8. O-O e6 9. Re1 Be7 10. Rb1 O-O 11. h3 Bxf3 12. Bxf3 Re8 13. a3 b5 14. Ne2 a5 15. c3 Qb6 16. Qd3 Rac8 17. Ng3 b4 18. axb4 axb4 19. Re2 Na5 20. Rbe1 bxc3 21. bxc3 Qc6 22. Rc2 Nc4 23. Rec1 Ra8 24. Nf1 Nd7 25. Ne3 Ndb6 26. Qe2 Ra4 27. Ra2 Rea8 28. Rxa4 Rxa4 29. Rb1 Ra8 30. Nxc4 Nxc4 31. Qd1 Bd6 32. Bxd6 Qxd6 33. g3 g6 34. Rb4 Ra3 35. Rb3 Kg7 36. Be2 Ra4 37. Rb7 Qa6 38. Bxc4 Rxc4 39. Rb3 Ra4 40. Qf1 Qxf1+ 41. Kxf1 Ra2 42. Kg2 g5 43. Kf3 Rc2 44. g4 Kg6 45. Kg3 h5 46. f3 h4# 0-1

[Event "Royal City Masters U2200"]
[Site "Guelph CAN"]
[Date "2025.08.05"]
[Round "7.35"]
[White "Nassif, Aba"]
[Black "Klarner, William"]
[Result "0-1"]
[WhiteElo "2100"]
[BlackElo "2034"]
[WhiteFideId "-1"]
[WhiteFideId "-1"]
[PlyCount "96"]
[GameId "2211089079083107"]
[EventDate "2025.08.01"]
[EventType "swiss"]
[EventRounds "9"]
[EventCountry "CAN"]

1. e4 c5 2. a3 Nf6 3. e5 Nd5 4. d4 cxd4 5. Qxd4 e6 6. c4 Nc6 7. Qe4 f5 8. Qe2 Nc7 9. b4 Be7 10. Nf3 O-O 11. h4 d6 12. Ng5 Nxe5 13. Qh5 h6 14. f4 Bxg5 15. hxg5 Nf7 16. Bb2 e5 17. Qg6 Nh8 18. Qh5 Qe8 19. Qh3 Nf7 20. gxh6 Nxh6 21. Be2 Ne6 22. Qg3 exf4 23. Qf2 a5 24. Nc3 axb4 25. axb4 Rxa1+ 26. Bxa1 Kh7 27. Nd5 Qg6 28. Rh3 Ng5 29. Ra3 Ne4 30. Qd4 Qxg2 31. Nxf4 Qh1+ 32. Bf1 Qh4+ 33. Kd1 Rf7 34. Rf3 Bd7 35. b5 Ng5 36. Re3 Ne4 37. Rf3 Qh1 38. Qd3 g5 39. Nd5 g4 40. Rf4 Qh2 41. Qd4 Kg6 42. Be2 Ng8 43. Bxg4 Ngf6 44. Nxf6 Nxf6 45. Be2 Ne4 46. Rf1 Ng5 47. Rf2 Qg1+ 48. Kd2 Ne4+ 0-1

[Event "Royal City Masters U2200"]
[Site "Guelph CAN"]
[Date "2025.08.05"]
[Round "7.36"]
[White "Obrovac, Zvonko"]
[Black "Chen, Larry"]
[Result "0-1"]
[WhiteElo "2084"]
[BlackElo "1985"]
[WhiteFideId "-1"]
[WhiteFideId "-1"]
[PlyCount "88"]
[GameId "2211089079083108"]
[EventDate "2025.08.01"]
[EventType "swiss"]
[EventRounds "9"]
[EventCountry "CAN"]

1. Nf3 Nf6 2. c4 e6 3. g3 d5 4. Bg2 dxc4 5. Qa4+ Nbd7 6. Qxc4 a6 7. O-O b5 8. Qc2 Bb7 9. d4 c5 10. dxc5 Bxc5 11. Nc3 Rc8 12. a3 Qb6 13. b4 Bxf2+ 14. Kh1 Ne4 15. Bb2 Bxg3 16. hxg3 Nxg3+ 17. Kh2 Nxf1+ 18. Rxf1 Nf6 19. Bh3 Qd6+ 20. Kg1 Qg3+ 21. Bg2 O-O 22. Qd2 Rc4 23. Qe1 Qg6 24. Nd1 Bxf3 25. Rxf3 Nd5 26. Rg3 Rg4 27. Kh2 Nf4 28. Rxg4 Qxg4 29. Qg3 Qxg3+ 30. Kxg3 Nxg2 31. Kxg2 Rd8 32. Nc3 Rd2 33. Ba1 h5 34. Kf3 f6 35. Ke3 Rd8 36. Ne4 Kf7 37. Bd4 h4 38. Bb6 Rd1 39. Kf3 g5 40. Nc5 Rg1 41. Kf2 Rg4 42. Kf3 h3 43. Kxg4 h2 44. Nxa6 h1=Q 0-1

[Event "Royal City Masters U2200"]
[Site "Guelph CAN"]
[Date "2025.08.05"]
[Round "7.37"]
[White "Fu, Ashley"]
[Black "Leliveld, Andrew"]
[Result "1/2-1/2"]
[WhiteElo "1867"]
[BlackElo "1969"]
[WhiteFideId "-1"]
[WhiteFideId "-1"]
[PlyCount "85"]
[GameId "2211089079083109"]
[EventDate "2025.08.01"]
[EventType "swiss"]
[EventRounds "9"]
[EventCountry "CAN"]

1. e4 c6 2. d4 d5 3. Nc3 dxe4 4. Nxe4 Bf5 5. Ng3 Bg6 6. Nf3 Nd7 7. Bd3 e6 8. O-O Ngf6 9. Re1 Be7 10. c3 Qc7 11. Qc2 Bxd3 12. Qxd3 h6 13. c4 O-O 14. Bd2 b5 15. b3 Rfd8 16. cxb5 cxb5 17. Qxb5 Nb6 18. Rac1 Qb7 19. h3 Bd6 20. Ne2 a6 21. Qc6 Qa7 22. Ba5 Nfd5 23. Bxb6 Nxb6 24. Qe4 a5 25. a4 Nd5 26. Ne5 Qb6 27. Qf3 Bxe5 28. dxe5 Rab8 29. Rb1 Qb4 30. Red1 Rdc8 31. Rd3 Rc2 32. Nd4 Rc5 33. Nb5 Rbxb5 34. axb5 Rxb5 35. Rc1 Rb8 36. Rc4 Qe1+ 37. Kh2 Qxe5+ 38. g3 Qb2 39. Kg2 g6 40. Rh4 Kg7 41. Ra4 Rb5 42. Rad4 Rc5 43. Rd2 1/2-1/2

[Event "Royal City Masters U2200"]
[Site "Guelph CAN"]
[Date "2025.08.05"]
[Round "7.38"]
[White "Fu, Odyssey"]
[Black "Pottinger, Carl"]
[Result "1-0"]
[WhiteElo "1981"]
[BlackElo "1710"]
[WhiteFideId "-1"]
[WhiteFideId "-1"]
[PlyCount "103"]
[GameId "2211089079083110"]
[EventDate "2025.08.01"]
[EventType "swiss"]
[EventRounds "9"]
[EventCountry "CAN"]

1. e4 c5 2. Nf3 d6 3. d4 cxd4 4. Nxd4 Nf6 5. Nc3 g6 6. Be3 Bg7 7. f3 O-O 8. Qd2 Nc6 9. g4 Be6 10. Nxe6 fxe6 11. O-O-O a6 12. Bc4 Qc8 13. Na4 Nd8 14. Nb6 Qc6 15. Nxa8 Qxc4 16. Qd3 Qxa2 17. Qa3 Qc4 18. Nb6 Qc6 19. Qa4 Qxa4 20. Nxa4 Nd7 21. Bg5 Bf6 22. Bxf6 Rxf6 23. Rhf1 Ne5 24. f4 Nxg4 25. e5 Ne3 26. exf6 Kf7 27. fxe7 Kxe7 28. Rf3 Nxd1 29. Kxd1 Nc6 30. Nb6 Kf6 31. Nc4 d5 32. Ne5 Nd4 33. Rd3 Nb5 34. Rh3 Kg7 35. Nd7 Nd6 36. Nc5 h5 37. Re3 Nc4 38. Rb3 b5 39. Nxa6 Kf6 40. Nc5 Kf5 41. Rxb5 Ne3+ 42. Kd2 Nf1+ 43. Ke2 Nxh2 44. Nd3 Ng4 45. Rb8 Ke4 46. Re8 Kf5 47. b4 h4 48. Rh8 g5 49. fxg5 Kxg5 50. b5 Nf6 51. b6 Nd7 52. b7 1-0

[Event "Royal City Masters U2200"]
[Site "Guelph CAN"]
[Date "2025.08.05"]
[Round "7.39"]
[White "Ming, Wenyang"]
[Black "Satish Alwar, Dharsan"]
[Result "1-0"]
[WhiteElo "1974"]
[BlackElo "1792"]
[WhiteFideId "-1"]
[WhiteFideId "-1"]
[PlyCount "41"]
[GameId "2211089079132263"]
[EventDate "2025.08.01"]
[EventType "swiss"]
[EventRounds "9"]
[EventCountry "CAN"]

1. e4 e6 2. d4 d5 3. Nc3 dxe4 4. Nxe4 Nd7 5. Nf3 Ngf6 6. Bd3 Be7 7. O-O O-O 8. Nxf6+ Nxf6 9. Ne5 c5 10. dxc5 Bxc5 11. Qe2 b6 12. Bg5 Bb7 13. Rad1 Qe7 14. Ng4 Rfd8 15. h4 Rd4 16. Bxh7+ Kxh7 17. Rxd4 Bxd4 18. Qd3+ Kg8 19. Qxd4 Rc8 20. Nxf6+ gxf6 21. Bxf6 1-0

[Event "Royal City Masters U2200"]
[Site "Guelph CAN"]
[Date "2025.08.05"]
[Round "7.40"]
[White "Runstedler, Albert"]
[Black "Cheung, Oscar"]
[Result "1/2-1/2"]
[WhiteElo "1811"]
[BlackElo "1815"]
[WhiteFideId "-1"]
[WhiteFideId "-1"]
[PlyCount "72"]
[GameId "2211089079132264"]
[EventDate "2025.08.01"]
[EventType "swiss"]
[EventRounds "9"]
[EventCountry "CAN"]

1. d4 d5 2. c4 dxc4 3. Nc3 e6 4. e4 Nf6 5. Bxc4 a6 6. Nf3 b5 7. Bd3 Bb7 8. e5 Nd5 9. O-O Nd7 10. Ne4 c5 11. Bg5 Qb6 12. dxc5 Nxc5 13. Rc1 Nxd3 14. Qxd3 h6 15. Be3 Nxe3 16. fxe3 Rd8 17. Nd4 Be7 18. Rf2 Ba8 19. Nd2 Bh4 20. Rxf7 Kxf7 21. Rf1+ Bf6 22. exf6 gxf6 23. Qe2 h5 24. N2f3 Ke7 25. Nh4 Rdg8 26. Qf2 f5 27. Ndxf5+ exf5 28. Qxf5 Qc6 29. Qe5+ Kd8 30. Qb8+ Qc8 31. Rd1+ Ke7 32. Qd6+ Kf7 33. Rf1+ Ke8 34. Qe5+ Kd8 35. Rd1+ Qd7 36. Rxd7+ Kxd7 1/2-1/2

[Event "Royal City Masters U2200"]
[Site "Guelph CAN"]
[Date "2025.08.05"]
[Round "7.41"]
[White "Husic, Elvis"]
[Black "Jung, Hans"]
[Result "0-1"]
[WhiteElo "1885"]
[BlackElo "2047"]
[WhiteFideId "-1"]
[WhiteFideId "-1"]
[PlyCount "69"]
[GameId "2211089079132265"]
[EventDate "2025.08.01"]
[EventType "swiss"]
[EventRounds "9"]
[EventCountry "CAN"]

1. e4 Nc6 2. Nf3 d5 3. exd5 Qxd5 4. d3 e5 5. Be2 Nf6 6. Nc3 Qd8 7. h3 Be7 8. O-O O-O 9. Re1 Nd7 10. d4 exd4 11. Nxd4 Nxd4 12. Qxd4 Bf6 13. Qd1 Bxc3 14. bxc3 Qf6 15. Qd4 Qxd4 16. cxd4 Nb6 17. c4 c6 18. a4 Be6 19. Rb1 Nxc4 20. Rxb7 Nb6 21. Bf3 Rfc8 22. Rxe6 fxe6 23. Bg4 Re8 24. Be2 e5 25. dxe5 Rxe5 26. Be3 c5 27. Bd1 Rd8 28. Be2 Rd7 29. Rb8+ Kf7 30. Bg4 Rde7 31. Bf3 Nc4 32. Bf4 Rf5 33. Bg3 Nd2 34. Bc6 Re1+ 35. Kh2 0-1

[Event "Royal City Masters U2200"]
[Site "Guelph CAN"]
[Date "2025.08.05"]
[Round "8.20"]
[White "Iordanescu, Victor Nicolae"]
[Black "Heran-Boily, Samuel"]
[Result "1-0"]
[WhiteElo "2038"]
[BlackElo "2058"]
[WhiteFideId "-1"]
[WhiteFideId "-1"]
[PlyCount "79"]
[GameId "2212173533863946"]
[EventDate "2025.08.01"]
[EventType "swiss"]
[EventRounds "9"]
[EventCountry "CAN"]

1. Nf3 d5 2. g3 c5 3. Bg2 Nf6 4. O-O e6 5. d4 cxd4 6. Nxd4 Be7 7. c4 O-O 8. Qc2 Nc6 9. Nxc6 bxc6 10. b3 a5 11. Nc3 Ba6 12. Rd1 Qc7 13. Na4 Nd7 14. cxd5 exd5 15. Bxd5 Bf6 16. Bb2 Bxb2 17. Nxb2 Bxe2 18. Qxc6 Qxc6 19. Bxc6 Bxd1 20. Rxd1 Nb6 21. Bxa8 Rxa8 22. Rd4 Kf8 23. Na4 Rb8 24. Kf1 Nxa4 25. Rxa4 Rb5 26. Ke2 Ke7 27. Kd3 h5 28. h4 g6 29. Kc3 Rf5 30. f4 Ke6 31. Re4+ Kd6 32. Re5 Rxe5 33. fxe5+ Kxe5 34. a4 f5 35. b4 axb4+ 36. Kxb4 g5 37. hxg5 h4 38. gxh4 f4 39. Kc3 Ke4 40. Kd2 1-0

[Event "Royal City Masters U2200"]
[Site "Guelph CAN"]
[Date "2025.08.05"]
[Round "8.21"]
[White "Deepak, Laksshana"]
[Black "Bluvshtein, Ilia"]
[Result "0-1"]
[WhiteElo "2135"]
[BlackElo "2081"]
[WhiteFideId "-1"]
[WhiteFideId "-1"]
[PlyCount "80"]
[GameId "2212173533909003"]
[EventDate "2025.08.01"]
[EventType "swiss"]
[EventRounds "9"]
[EventCountry "CAN"]

1. d4 Nf6 2. c4 g6 3. h4 Bg7 4. Nc3 d5 5. h5 Nxh5 6. cxd5 c6 7. e4 cxd5 8. e5 Bf8 9. Qf3 Nc6 10. Be3 Be6 11. Nge2 Qd7 12. Rh4 f6 13. g4 Ng7 14. exf6 exf6 15. Qxf6 Qf7 16. Qxf7+ Kxf7 17. Bg2 Be7 18. Rh1 Rad8 19. Nf4 Bf6 20. Nxe6 Nxe6 21. Bxd5 Bxd4 22. Bxd4 Ncxd4 23. O-O-O Nc6 24. Ne4 Nb4 25. Bxe6+ Kxe6 26. Nc5+ Kf6 27. a3 Nc6 28. Nxb7 Rxd1+ 29. Rxd1 Kg5 30. f3 Rf8 31. Rd5+ Kf4 32. b4 Rf7 33. Nc5 Kxf3 34. b5 Na5 35. Kd2 Kxg4 36. Ne4 h5 37. Rd6 g5 38. Ra6 h4 39. Rxa5 h3 40. Ra6 h2 {...} 0-1

[Event "Royal City Masters U2200"]
[Site "Guelph CAN"]
[Date "2025.08.05"]
[Round "8.22"]
[White "Chertkow, Matthew"]
[Black "Qian, Eric"]
[Result "0-1"]
[WhiteElo "1855"]
[BlackElo "2097"]
[WhiteFideId "-1"]
[WhiteFideId "-1"]
[PlyCount "60"]
[GameId "2212173533917196"]
[EventDate "2025.08.01"]
[EventType "swiss"]
[EventRounds "9"]
[EventCountry "CAN"]

1. e4 e5 2. Nf3 Nc6 3. d4 exd4 4. Bc4 Bc5 5. Ng5 Nh6 6. Bxf7+ Nxf7 7. Nxf7 Kxf7 8. Qh5+ g6 9. Qxc5 d6 10. Qc4+ Be6 11. Qe2 Qf6 12. O-O Rae8 13. Qb5 Bc8 14. f3 Kg7 15. Bd2 Rhf8 16. Na3 Re5 17. Qe2 d5 18. c4 dxe4 19. fxe4 Bf5 20. Rae1 Rfe8 21. Qf3 Rxe4 22. Rxe4 Rxe4 23. Bh6+ Kf7 24. Nb5 Ne5 25. Qa3 Qe7 26. Qxa7 Ng4 27. Bd2 Qe5 28. g3 Re2 29. Nxd4 Rxd2 30. Nf3 Qe2 0-1

[Event "Royal City Masters U2200"]
[Site "Guelph CAN"]
[Date "2025.08.05"]
[Round "8.23"]
[White "Kola, Venkat Karthikeya R"]
[Black "Both, Aaron"]
[Result "1-0"]
[WhiteElo "2140"]
[BlackElo "2000"]
[WhiteFideId "-1"]
[WhiteFideId "-1"]
[PlyCount "131"]
[GameId "2212173533917197"]
[EventDate "2025.08.01"]
[EventType "swiss"]
[EventRounds "9"]
[EventCountry "CAN"]

1. d4 f5 2. Bg5 g6 3. e3 Bg7 4. c4 Nf6 5. Nc3 d6 6. Bd3 Nbd7 7. Nge2 e5 8. O-O h6 9. Bxf6 Nxf6 10. dxe5 dxe5 11. Bc2 Qe7 12. Nd5 Nxd5 13. cxd5 O-O 14. Bb3 Kh7 15. Rc1 Qd6 16. Qc2 Rf7 17. f3 b6 18. Qc6 Rb8 19. Qxd6 cxd6 20. Rc2 Ba6 21. Rfc1 Rbb7 22. Bc4 b5 23. Bd3 e4 24. fxe4 fxe4 25. Bxe4 Rbe7 26. Ng3 Bb7 27. Rf1 Rxf1+ 28. Kxf1 b4 29. Kf2 Bf6 30. Bf3 Be5 31. Ne2 Rf7 32. Kg1 a5 33. Nf4 Ba6 34. h3 g5 35. Ne6 Bd3 36. Rf2 Kg8 37. Rd2 Bb1 38. Bh5 Rf6 39. g3 b3 40. a4 Be4 41. Bd1 Bxg3 42. Bxb3 Be1 43. Re2 Bg3 44. Bc4 Kf7 45. Nd8+ Kg6 46. Nc6 h5 47. Nxa5 g4 48. hxg4 hxg4 49. Nb3 Kg5 50. Nd2 Bf5 51. a5 Rh6 52. Nf1 Be5 53. a6 Rh7 54. b3 g3 55. Ra2 Ra7 56. b4 Bc3 57. b5 Be1 58. Nxg3 Bxg3 59. b6 Rh7 60. a7 Bh2+ 61. Kf1 Bg3 62. a8=Q Rh1+ 63. Ke2 Bg4+ 64. Kd2 Be1+ 65. Kc2 Bf5+ 66. Bd3 1-0

[Event "Royal City Masters U2200"]
[Site "Guelph CAN"]
[Date "2025.08.05"]
[Round "8.24"]
[White "Dembla, Shabd"]
[Black "Lin, Austin"]
[Result "0-1"]
[WhiteElo "2000"]
[BlackElo "2128"]
[WhiteFideId "-1"]
[WhiteFideId "-1"]
[PlyCount "84"]
[GameId "2212173533917198"]
[EventDate "2025.08.01"]
[EventType "swiss"]
[EventRounds "9"]
[EventCountry "CAN"]

1. d4 d5 2. Nf3 Nf6 3. Bf4 c5 4. e3 Nc6 5. Nbd2 e6 6. c3 cxd4 7. exd4 Qb6 8. Rb1 Bd7 9. h3 Rc8 10. Bd3 Ne7 11. Ne5 Ng6 12. Bh2 Bb5 13. Qe2 Nxe5 14. Bxe5 Bxd3 15. Qxd3 Nd7 16. Bh2 Bd6 17. f4 O-O 18. O-O e5 19. fxe5 Nxe5 20. Bxe5 Bxe5 21. Kh1 Bb8 22. Qf5 Rcd8 23. Rfe1 Qd6 24. Nf3 Rfe8 25. Kg1 g6 26. Qg5 f6 27. Qh4 Kg7 28. Rxe8 Rxe8 29. Re1 g5 30. Qf2 Re4 31. Kf1 Qa6+ 32. Kg1 Qxa2 33. Rf1 Bf4 34. Kh1 Qa6 35. Ng1 Qd3 36. h4 h6 37. h5 f5 38. Ra1 Bg3 39. Qf1 Rh4+ 40. Nh3 Qc2 41. Kg1 Rxh3 42. Qd1 Qf2# 0-1

[Event "Royal City Masters U2200"]
[Site "Guelph CAN"]
[Date "2025.08.05"]
[Round "8.25"]
[White "Jiang, Hancy"]
[Black "Colvin, Andrew"]
[Result "0-1"]
[WhiteElo "2112"]
[BlackElo "2034"]
[WhiteFideId "-1"]
[WhiteFideId "-1"]
[PlyCount "76"]
[GameId "2212173533937679"]
[EventDate "2025.08.01"]
[EventType "swiss"]
[EventRounds "9"]
[EventCountry "CAN"]

1. d4 d5 2. Nf3 Nf6 3. e3 c5 4. Nbd2 cxd4 5. exd4 Nc6 6. c3 Bg4 7. Bd3 e6 8. O-O Bd6 9. Re1 Qc7 10. Nf1 O-O 11. Ng3 Bf4 12. Bxf4 Qxf4 13. Qd2 Nh5 14. Nxh5 Qxd2 15. Nf6+ gxf6 16. Nxd2 Bh5 17. f4 f5 18. Nb3 b6 19. a4 a5 20. Rac1 Rac8 21. Re3 Kg7 22. Rg3+ Kf6 23. Rg5 Bg4 24. h3 h6 25. Rxg4 fxg4 26. hxg4 Rg8 27. Be2 Nd8 28. Nd2 Nb7 29. Nb1 Nd6 30. Re1 Nc4 31. Bxc4 Rxc4 32. b3 Rcc8 33. g3 Rxg4 34. Kf2 Rcg8 35. Re3 h5 36. Rf3 h4 37. gxh4 Rxh4 38. Ke3 Rg2 0-1

[Event "Royal City Masters U2200"]
[Site "Guelph CAN"]
[Date "2025.08.05"]
[Round "8.26"]
[White "Velasquez, Noah"]
[Black "Desforges, Jean"]
[Result "0-1"]
[WhiteElo "1989"]
[BlackElo "2013"]
[WhiteFideId "-1"]
[WhiteFideId "-1"]
[PlyCount "124"]
[GameId "2212173533941776"]
[EventDate "2025.08.01"]
[EventType "swiss"]
[EventRounds "9"]
[EventCountry "CAN"]

1. e4 d5 2. exd5 Nf6 3. d4 Nxd5 4. c4 Nb6 5. Nc3 e5 6. dxe5 Qxd1+ 7. Nxd1 Nc6 8. f4 Be6 9. Ne3 Bb4+ 10. Kf2 Bc5 11. Nf3 Nxc4 12. Ng5 Bd5 13. b3 Nb6 14. Kg3 Bd4 15. Rb1 f6 16. Nxd5 Nxd5 17. exf6 gxf6 18. Bc4 O-O-O 19. Nf7 Rhg8+ 20. Kh3 Rd7 21. Nh6 Re8 22. Bd2 Be3 23. Bxe3 Rxe3+ 24. g3 Nxf4+ 25. Kg4 Ng6 26. Kf5 Rd6 27. Rhe1 Nce7+ 28. Kg4 Ne5+ 29. Kh3 Nxc4 30. bxc4 Rde6 31. Rxe3 Rxe3 32. Rf1 Re6 33. Rf4 Kd7 34. Rh4 Ng6 35. Rd4+ Rd6 36. Re4 c5 37. Re2 Rd4 38. Ng8 Rd6 39. Rf2 Nf8 40. Nxf6+ Kc6 41. Ne8 Rh6+ 42. Kg2 Nd7 43. Re2 b5 44. cxb5+ Kxb5 45. Re7 Kc6 46. h4 c4 47. Kf3 a5 48. Ke3 Rg6 49. Kf4 Nf6 50. Rc7+ Kb5 51. Kf3 Nd5 52. Rd7 Nb4 53. Rb7+ Ka4 54. Rc7 Re6 55. Ng7 Rc6 56. Rxc6 Nxc6 57. Ke2 Ka3 58. Kd2 Kb2 59. Ne6 c3+ 60. Ke2 c2 61. Nc5 Kb1 62. Nd3 Nb4 0-1

[Event "Royal City Masters U2200"]
[Site "Guelph CAN"]
[Date "2025.08.05"]
[Round "8.27"]
[White "Varakunan, Cadiron"]
[Black "Fillmore, Louis"]
[Result "0-1"]
[WhiteElo "2062"]
[BlackElo "1998"]
[WhiteFideId "-1"]
[WhiteFideId "-1"]
[PlyCount "104"]
[GameId "2212173533949969"]
[EventDate "2025.08.01"]
[EventType "swiss"]
[EventRounds "9"]
[EventCountry "CAN"]

1. e4 e6 2. d4 d5 3. Nd2 dxe4 4. Nxe4 Nd7 5. Nf3 Ngf6 6. Nxf6+ Nxf6 7. Be3 Be7 8. Bd3 O-O 9. Qe2 c5 10. O-O-O Qc7 11. dxc5 Bxc5 12. Bxc5 Qxc5 13. Ne5 b6 14. g4 Bb7 15. g5 Ne8 16. Nd7 Qxg5+ 17. Kb1 Bxh1 18. Rxh1 Nf6 19. h4 Qf4 20. Nxf8 Rxf8 21. a3 h6 22. c4 Rd8 23. h5 Nd7 24. Rd1 Qg5 25. Bc2 Kf8 26. Qd3 Ke8 27. b4 Qxh5 28. Ba4 Qf5 29. Qxf5 exf5 30. c5 bxc5 31. bxc5 Ke7 32. c6 Nc5 33. Re1+ Kf6 34. Bb5 Rc8 35. Rc1 Ne6 36. Kb2 Rb8 37. a4 a6 38. c7 Nxc7 39. Rxc7 axb5 40. a5 Ra8 41. Rc6+ Ke7 42. a6 Ra7 43. Kc3 Kd7 44. Rb6 Kc7 45. Rxb5 Rxa6 46. Rxf5 Rf6 47. Rxf6 gxf6 48. Kd4 Kd6 49. Ke4 Ke6 50. Kf4 f5 51. f3 Kf6 52. Kg3 Ke5 0-1

[Event "Royal City Masters U2200"]
[Site "Guelph CAN"]
[Date "2025.08.05"]
[Round "8.28"]
[White "Maulucci, Anthony"]
[Black "Huang, Justin"]
[Result "0-1"]
[WhiteElo "2046"]
[BlackElo "1998"]
[WhiteFideId "-1"]
[WhiteFideId "-1"]
[PlyCount "96"]
[GameId "2212173533954066"]
[EventDate "2025.08.01"]
[EventType "swiss"]
[EventRounds "9"]
[EventCountry "CAN"]

1. d4 d5 2. c4 e6 3. Nc3 Nf6 4. cxd5 exd5 5. Bg5 Be7 6. e3 O-O 7. Bd3 h6 8. Bh4 Re8 9. Qc2 c6 10. Nge2 Nbd7 11. O-O Ne4 12. Bxe7 Qxe7 13. Rae1 Ndf6 14. f3 Nxc3 15. Nxc3 Be6 16. h3 Rad8 17. Qf2 Qd7 18. Bb1 b6 19. Rd1 Bf5 20. Bxf5 Qxf5 21. g4 Qe6 22. Rfe1 c5 23. dxc5 bxc5 24. Na4 Qc6 25. b3 Rc8 26. Rc1 Nd7 27. Red1 Qd6 28. e4 d4 29. Nb2 g5 30. h4 Qf6 31. Nd3 Ne5 32. Nxe5 Qxe5 33. Kg2 Kg7 34. Qd2 Red8 35. Rh1 Rh8 36. Rc4 Rc7 37. b4 Rb8 38. hxg5 hxg5 39. Rh5 f6 40. a3 cxb4 41. Rxd4 bxa3 42. Rd7+ Kg6 43. Rxc7 Qxc7 44. Qd1 Rb2+ 45. Kh1 a2 46. f4 Rb1 47. f5+ Kg7 48. Rxg5+ fxg5 0-1

[Event "Royal City Masters U2200"]
[Site "Guelph CAN"]
[Date "2025.08.05"]
[Round "8.29"]
[White "Yin, Zeming"]
[Black "Achyuth, Akshaj"]
[Result "1/2-1/2"]
[WhiteElo "1999"]
[BlackElo "1971"]
[WhiteFideId "-1"]
[WhiteFideId "-1"]
[PlyCount "50"]
[GameId "2212173533958163"]
[EventDate "2025.08.01"]
[EventType "swiss"]
[EventRounds "9"]
[EventCountry "CAN"]

1. e4 c6 2. Nf3 d5 3. Nc3 Bg4 4. h3 Bxf3 5. Qxf3 dxe4 6. Nxe4 e6 7. g3 Nd7 8. Bg2 Ngf6 9. Nxf6+ Qxf6 10. O-O Qxf3 11. Bxf3 e5 12. d3 Bc5 13. Be3 O-O 14. Rfe1 Rae8 15. Rad1 Bxe3 16. Rxe3 f6 17. d4 exd4 18. Rxe8 Rxe8 19. Rxd4 Ne5 20. Bg2 Re7 21. f4 Rd7 22. Rxd7 Nxd7 23. Kf2 Kf7 24. Ke3 Ke7 25. Be4 h6 1/2-1/2

[Event "Royal City Masters U2200"]
[Site "Guelph CAN"]
[Date "2025.08.05"]
[Round "8.30"]
[White "Ramesan, Raunak Amit"]
[Black "Blair, Michael"]
[Result "1-0"]
[WhiteElo "2016"]
[BlackElo "2139"]
[WhiteFideId "-1"]
[WhiteFideId "-1"]
[PlyCount "63"]
[GameId "2212173533958164"]
[EventDate "2025.08.01"]
[EventType "swiss"]
[EventRounds "9"]
[EventCountry "CAN"]

1. e4 c5 2. Nf3 e6 3. d4 cxd4 4. Nxd4 Nc6 5. Nc3 Qc7 6. Be3 a6 7. g4 b5 8. Nxc6 dxc6 9. Qf3 Bb4 10. Bd2 Bb7 11. O-O-O Nf6 12. g5 Nd7 13. Kb1 Be7 14. Bg2 c5 15. h4 b4 16. Ne2 O-O 17. h5 f5 18. Qh3 c4 19. c3 b3 20. a3 Nc5 21. exf5 Bxg2 22. Qxg2 Nd3 23. h6 Bxa3 24. g6 hxg6 25. Qxg6 Nxf2 26. hxg7 Qxg7 27. Qxe6+ Rf7 28. Rdg1 Nxh1 29. Rxg7+ Kxg7 30. Qg6+ Kf8 31. Bh6+ Ke8 32. Qc6+ 1-0

[Event "Royal City Masters U2200"]
[Site "Guelph CAN"]
[Date "2025.08.05"]
[Round "8.31"]
[White "Filipovich, David"]
[Black "Klarner, William"]
[Result "1/2-1/2"]
[WhiteElo "2020"]
[BlackElo "2034"]
[WhiteFideId "-1"]
[WhiteFideId "-1"]
[PlyCount "62"]
[GameId "2212173533962261"]
[EventDate "2025.08.01"]
[EventType "swiss"]
[EventRounds "9"]
[EventCountry "CAN"]

1. Nf3 Nf6 2. g3 d5 3. Bg2 g6 4. O-O Bg7 5. d4 O-O 6. c4 c6 7. cxd5 cxd5 8. Nc3 Nc6 9. Ne5 e6 10. Nxc6 bxc6 11. Bf4 Nh5 12. Be3 Rb8 13. Na4 c5 14. b3 cxd4 15. Bxd4 Qa5 16. Rc1 Bxd4 17. Qxd4 Bd7 18. Nc5 Bc8 19. a4 Ng7 20. Rfd1 Qb6 21. e4 dxe4 22. Qxe4 Nf5 23. h4 h5 24. Rc3 Rd8 25. Rxd8+ Qxd8 26. Qe5 Rb6 27. Ne4 Bb7 28. Nf6+ Kf8 29. Nh7+ Kg8 30. Nf6+ Kf8 31. Nh7+ Kg8 1/2-1/2

[Event "Royal City Masters U2200"]
[Site "Guelph CAN"]
[Date "2025.08.05"]
[Round "8.32"]
[White "Chen, Larry"]
[Black "Zhan, Jayden"]
[Result "1-0"]
[WhiteElo "1985"]
[BlackElo "2030"]
[WhiteFideId "-1"]
[WhiteFideId "-1"]
[PlyCount "125"]
[GameId "2212173533962262"]
[EventDate "2025.08.01"]
[EventType "swiss"]
[EventRounds "9"]
[EventCountry "CAN"]

1. d4 Nf6 2. c4 g6 3. f3 Bg7 4. e4 d6 5. Nc3 O-O 6. Be3 Nc6 7. Bd3 e5 8. d5 Nd4 9. Nge2 c5 10. dxc6 Nxc6 11. O-O Be6 12. a3 a5 13. Nb5 Ne8 14. Nec3 Nd4 15. Be2 Nxe2+ 16. Qxe2 Rc8 17. b3 f5 18. exf5 gxf5 19. Rad1 Rc6 20. f4 Qe7 21. Rd2 Nf6 22. Rfd1 Ne8 23. Na4 Nc7 24. Nxd6 Qh4 25. g3 Qf6 26. Nxb7 exf4 27. Bxf4 Re8 28. Qf3 Bf7 29. Nxa5 Rce6 30. Bxc7 Re3 31. Qc6 Qe7 32. Rf1 Re1 33. Rdf2 Bd4 34. Bb6 Rxf1+ 35. Kxf1 Qe1+ 36. Kg2 Qxf2+ 37. Kh3 Re2 38. Qa8+ Kg7 39. Bxd4+ Qxd4 40. Qf3 Re3 41. Nc6 Qd3 42. Qf4 Re4 43. Nc5 Rxf4 44. Nxd3 Rf3 45. Nc5 Rf1 46. Ne5 Bh5 47. a4 Re1 48. Ncd3 Ra1 49. c5 Be8 50. c6 Bxc6 51. Nxc6 Kf6 52. a5 Ke6 53. b4 Kd7 54. b5 Kc7 55. Nc5 Ra3 56. Kh4 Ra2 57. Kg5 Rxh2 58. Nb4 Rh1 59. b6+ Kb8 60. Nc6+ Kc8 61. b7+ Kc7 62. b8=Q+ Kxc6 63. Qb7+ 1-0